| 000 | 00489nam a2200181Ia 4500 | ||
|---|---|---|---|
| 003 | GCL | ||
| 008 | 140319s9999 xx 000 0 ara d | ||
| 040 |
_aGCL / _cGCL |
||
| 082 | 0 | 4 |
_a920.71 _bك ع |
| 100 | 1 | _aكرستين، كارول | |
| 245 | 1 | 0 |
_aعظماء فى عصرنا / _cكرستين، كارول |
| 700 | 1 | _aعامر عثمان الصمادى | |
| 300 | _a100 ص | ||
| 490 | _a | ||
| 650 | 0 | 4 | _aالتراجم |
| 650 | 0 | 4 | _aالتراجم الذاتية |
| 942 |
_2ddc _cBK |
||
| 999 |
_c48346 _d48346 |
||